[Event "Canarias-chT"]
[Site "Vecindario"]
[Date "2018.06.02"]
[Round "5.4"]
[White "Diaz Perez, Jose Juan"]
[Black "Gonzalez Perez, Lutgarda"]
[Result "1/2-1/2"]
[WhiteElo "1750"]
[BlackElo "2050"]
[PlyCount "79"]
[EventDate "2018.05.31"]
[EventType "team-swiss"]
[EventRounds "6"]
[EventCountry "ESP"]
[SourceTitle "EXT 2024"]
[Source "ChessBase"]
[SourceDate "2023.10.10"]
[SourceVersion "1"]
[SourceVersionDate "2023.10.10"]
[SourceQuality "1"]
[WhiteTeam "Sociedad La Montana"]
[BlackTeam "Aguas de Teror Centro Goya"]
[WhiteTeamCountry "ESP"]
[BlackTeamCountry "ESP"]

1. d4 d5 2. c4 c6 3. Nc3 Nf6 4. Bf4 dxc4 5. e3 Nd5 6. Bxc4 Nxf4 7. exf4 e6 8. Nf3 Bd6 9. Qd2 Nd7 10. 0-0 Nf6 11. f5 0-0 12. fxe6 Bxe6 13. Bxe6 fxe6 14. Rfe1 Qd7 15. Ne4 Nxe4 16. Rxe4 Rae8 17. Rae1 h6 18. Qe3 Rf6 19. Ne5 Qc7 20. Ng4 Rg6 21. h3 Qf7 22. Ne5 Bxe5 23. Rxe5 Rd8 24. Rxe6 Rxe6 25. Qxe6 Qxe6 26. Rxe6 Rxd4 27. Re7 Rb4 28. b3 a5 29. f3 a4 30. bxa4 Rxa4 31. Rxb7 Rxa2 32. Rc7 Rc2 33. Kh2 Kh7 34. h4 Kg6 35. Kh3 Rc5 36. g4 Rc3 37. Kg3 Rc1 38. h5+ Kf6 39. Kf4 Rc4+ 40. Kg3 1/2-1/2

[Event "Las Palmas Insular-chT Honor 1718"]
[Site "Las Palmas"]
[Date "2017.12.16"]
[Round "4.3"]
[White "Suarez Pazos, Alberto"]
[Black "Gonzalez Perez, Lutgarda"]
[Result "0-1"]
[WhiteElo "1654"]
[BlackElo "2070"]
[PlyCount "66"]
[EventDate "2017.10.28"]
[EventType "team-tourn"]
[EventRounds "9"]
[EventCountry "ESP"]
[SourceTitle "EXT 2019"]
[Source "ChessBase"]
[SourceDate "2018.10.10"]
[SourceVersion "1"]
[SourceVersionDate "2018.10.10"]
[SourceQuality "1"]
[WhiteTeam "Anand"]
[BlackTeam "Villa de Teror"]
[WhiteTeamCountry "ESP"]
[BlackTeamCountry "ESP"]

1. d4 d5 2. Bg5 Bf5 3. e3 Nd7 4. Nf3 h6 5. Bh4 Ngf6 6. c4 e6 7. Nc3 c6 8. Qb3 Qb6 9. Qxb6 axb6 10. cxd5 exd5 11. Rc1 b5 12. a3 b4 13. axb4 Bxb4 14. Nd2 0-0 15. Be2 Bxc3 16. bxc3 Ra2 17. Bxf6 Nxf6 18. Nf1 Ne4 19. f3 Nd6 20. Ng3 Re8 21. Nf1 Bg6 22. g4 b5 23. h3 Rea8 24. Ng3 Rb2 25. 0-0 Raa2 26. Rfe1 Nc4 27. Kf2 Nd2 28. Nf5 Bxf5 29. gxf5 Nc4 30. e4 dxe4 31. fxe4 Nd6 32. Kf3 Nxe4 33. Bxb5 Ng5+ 0-1

[Event "Las Palmas Insular-chT Primera-A 1617"]
[Site "Las Palmas"]
[Date "2017.02.04"]
[Round "10.1"]
[White "Gonzalez Perez, Lutgarda"]
[Black "Rossello Padron, Carlos Eduardo"]
[Result "1-0"]
[WhiteElo "2061"]
[BlackElo "1812"]
[PlyCount "59"]
[EventDate "2016.10.22"]
[EventType "team-tourn"]
[EventRounds "14"]
[EventCountry "ESP"]
[SourceTitle "EXT 2018"]
[Source "ChessBase"]
[SourceDate "2017.10.13"]
[SourceVersion "1"]
[SourceVersionDate "2017.10.13"]
[SourceQuality "1"]
[WhiteTeam "Villa de Teror II"]
[BlackTeam "Piscolabis Oleaje San Andres II"]
[WhiteTeamCountry "ESP"]
[BlackTeamCountry "ESP"]

1. d4 Nf6 2. Nf3 g6 3. Bf4 Bg7 4. e3 d6 5. Be2 0-0 6. h3 c5 7. 0-0 Qb6 8. b3 Nc6 9. c3 Rd8 10. Qc1 Nd5 11. Bg5 Bf5 12. Nbd2 Qa5 13. e4 Nxc3 14. Bd3 Be6 15. d5 Nb4 16. Bc4 b5 17. dxe6 bxc4 18. Kh1 Ncxa2 19. exf7+ Kf8 20. Qxc4 Bxa1 21. Rxa1 d5 22. exd5 Rxd5 23. Re1 Qc7 24. Rxe7 Qxe7 25. Bxe7+ Kxe7 26. Qh4+ Kxf7 27. Qxh7+ Kf6 28. Ne4+ Kf5 29. Qe7 g5 30. Nfxg5 1-0

[Event "Las Palmas Insular-chT Primera-A 1617"]
[Site "Las Palmas"]
[Date "2016.10.22"]
[Round "1.2"]
[White "Suarez Rodriguez, Doramas"]
[Black "Gonzalez Perez, Lutgarda"]
[Result "0-1"]
[WhiteElo "1581"]
[BlackElo "2059"]
[PlyCount "56"]
[EventDate "2016.10.22"]
[EventType "team-tourn"]
[EventRounds "14"]
[EventCountry "ESP"]
[SourceTitle "EXT 2018"]
[Source "ChessBase"]
[SourceDate "2017.10.13"]
[SourceVersion "1"]
[SourceVersionDate "2017.10.13"]
[SourceQuality "1"]
[WhiteTeam "La Aldea"]
[BlackTeam "Villa de Teror II"]
[WhiteTeamCountry "ESP"]
[BlackTeamCountry "ESP"]

1. d4 d5 2. c4 c6 3. Nc3 Nf6 4. Bg5 dxc4 5. Bxf6 gxf6 6. e4 b5 7. a3 Bb7 8. g3 a6 9. Bg2 Nd7 10. Nge2 c5 11. 0-0 cxd4 12. Nxd4 Nc5 13. Rb1 Nd3 14. Nf5 e6 15. Ne3 Bc5 16. Qe2 Qe7 17. b3 Ne5 18. bxc4 Bxe3 19. Qxe3 Nxc4 20. Qc1 Nxa3 21. Rb3 b4 22. Na4 Rc8 23. Qd2 a5 24. Rc1 Rxc1+ 25. Qxc1 0-0 26. Nb6 Rd8 27. Qe3 Rd1+ 28. Bf1 Ba6 0-1

[Event "Las Palmas Insular-chT Pref-B"]
[Site "Las Palmas"]
[Date "2016.02.27"]
[Round "12.1"]
[White "Rodriguez Mellado, Antonio"]
[Black "Gonzalez Perez, Lutgarda"]
[Result "1/2-1/2"]
[WhiteElo "2013"]
[BlackElo "2065"]
[PlyCount "76"]
[EventDate "2015.10.17"]
[EventType "team-tourn"]
[EventRounds "14"]
[EventCountry "ESP"]
[SourceTitle "EXT 2017"]
[Source "ChessBase"]
[SourceDate "2016.10.25"]
[SourceVersion "1"]
[SourceVersionDate "2016.10.25"]
[SourceQuality "1"]
[WhiteTeam "Hotel Avda de Canarias II"]
[BlackTeam "Drago de Sataute Centro Goya III"]
[WhiteTeamCountry "ESP"]
[BlackTeamCountry "ESP"]

1. e4 c6 2. d3 d5 3. Nd2 dxe4 4. dxe4 Nf6 5. Ngf3 Bg4 6. Bc4 e6 7. h3 Bh5 8. e5 Nd5 9. 0-0 Nd7 10. Re1 Qc7 11. Qe2 Nb4 12. Bb3 Nc5 13. a3 Nxb3 14. cxb3 Nc2 15. Rb1 Nxe1 16. Qxe1 Rd8 17. g4 Bg6 18. Ne4 Bxe4 19. Qxe4 Rd1+ 20. Kg2 Qd8 21. Be3 Rxb1 22. Qxb1 Be7 23. b4 b6 24. h4 0-0 25. Qe4 c5 26. bxc5 Bxc5 27. Bg5 Be7 28. Bxe7 Qxe7 29. Ng5 g6 30. Qf4 f6 31. exf6 Qxf6 32. Qe3 e5 33. f3 Re8 34. Qc3 h6 35. Ne4 Qe6 36. Qd3 Re7 37. Kg3 Rd7 38. Qc3 Qd5 1/2-1/2

[Event "Las Palmas Insular-chT Pref-A"]
[Site "Las Palmas"]
[Date "2015.04.18"]
[Round "14.2"]
[White "Gonzalez Perez, Lutgarda"]
[Black "Alonso Valiente, Alexis"]
[Result "0-1"]
[WhiteElo "2068"]
[BlackElo "2022"]
[PlyCount "79"]
[EventDate "2014.11.22"]
[EventType "team-tourn"]
[EventRounds "14"]
[EventCountry "ESP"]
[SourceTitle "EXT 2018"]
[Source "ChessBase"]
[SourceDate "2017.10.13"]
[SourceVersion "1"]
[SourceVersionDate "2017.10.13"]
[SourceQuality "1"]
[WhiteTeam "Villa de Teror Goya II"]
[BlackTeam "La Montana"]
[WhiteTeamCountry "ESP"]
[BlackTeamCountry "ESP"]

1. d4 d5 2. Nf3 Nf6 3. Bf4 Bf5 4. e3 e6 5. Be2 Bd6 6. Ne5 0-0 7. Nd2 Nbd7 8. h3 Qe7 9. c3 Ne4 10. g4 Nxd2 11. gxf5 Ne4 12. fxe6 Qh4 13. Rf1 Bxe5 14. dxe5 fxe6 15. Bg4 Rae8 16. Qe2 g5 17. Bh2 Ndc5 18. Bg1 Re7 19. 0-0-0 Kg7 20. Qb5 c6 21. Qb4 h5 22. Be2 Ref7 23. f3 Ng3 24. Qxc5 Nxe2+ 25. Kd2 Ng3 26. Rfe1 Qxh3 27. Kc1 Rxf3 28. Qe7+ Kg6 29. Qxb7 Rf1 30. Qxc6 Rxe1 31. Rxe1 h4 32. Qd7 Rf1 33. Qe8+ Kf5 34. Qf8+ Ke4 35. Qb4+ Kf3 36. Qf8+ Kg4 37. Qb4+ Kh5 38. c4 dxc4 39. Qd2 Rxe1+ 40. Qxe1 0-1

[Event "Las Palmas Insular-chT Pref-A"]
[Site "Las Palmas"]
[Date "2015.03.07"]
[Round "9.2"]
[White "Marrero Falcon, Hector Xarach"]
[Black "Gonzalez Perez, Lutgarda"]
[Result "0-1"]
[WhiteElo "2033"]
[BlackElo "2068"]
[PlyCount "137"]
[EventDate "2014.11.22"]
[EventType "team-tourn"]
[EventRounds "14"]
[EventCountry "ESP"]
[SourceTitle "EXT 2016"]
[Source "ChessBase"]
[SourceDate "2015.10.08"]
[SourceVersion "1"]
[SourceVersionDate "2015.10.08"]
[SourceQuality "1"]
[WhiteTeam "Anand Iberia II"]
[BlackTeam "Villa de Teror Goya II"]
[WhiteTeamCountry "ESP"]
[BlackTeamCountry "ESP"]

1. e4 c6 2. c4 d6 3. d4 g6 4. Nf3 Bg7 5. Nc3 Nf6 6. h3 0-0 7. Be2 Nbd7 8. Be3 e5 9. dxe5 Nxe5 10. Nxe5 dxe5 11. Qxd8 Rxd8 12. Rd1 Be6 13. Rxd8+ Rxd8 14. Bxa7 Bh6 15. Be3 Bxe3 16. fxe3 Nd7 17. b3 Nc5 18. g4 Kf8 19. Rh2 Ke7 20. Bf1 f6 21. Rd2 Ra8 22. Be2 Bf7 23. Bd1 Be6 24. Bf3 Bf7 25. Ne2 Na6 26. Nc3 Nc5 27. Be2 Be6 28. Kd1 h6 29. Kc1 f5 30. exf5 gxf5 31. gxf5 Bxf5 32. b4 Na4 33. Nxa4 Rxa4 34. Bg4 Bxg4 35. hxg4 Rxb4 36. Rc2 Kf6 37. Kd2 Kg5 38. Kc3 Rb1 39. Rh2 Kxg4 40. Rxh6 Kf3 41. Rh3+ Ke4 42. a3 c5 43. a4 Rc1+ 44. Kb3 Re1 45. Rh7 Rb1+ 46. Kc2 Rb4 47. Kd2 Rxc4 48. Rxb7 Rxa4 49. Rc7 Ra2+ 50. Kc1 Kxe3 51. Rxc5 e4 52. Rc8 Ke2 53. Rh8 Ra1+ 54. Kc2 Rf1 55. Kc3 e3 56. Rh3 Rd1 57. Rh8 Rd7 58. Re8 Kf2 59. Rf8+ Ke1 60. Re8 e2 61. Ra8 Re7 62. Kd3 Kf1 63. Rf8+ Kg2 64. Rg8+ Kf3 65. Rf8+ Kg4 66. Rg8+ Kf5 67. Rf8+ Kg6 68. Rg8+ Kf7 69. Rg1 0-1

[Event "Las Palmas Insular-chT Pref"]
[Site "Las Palmas"]
[Date "2013.03.02"]
[Round "11.3"]
[White "Navarro Guerra del Rio, Cristian"]
[Black "Gonzalez Perez, Lutgarda"]
[Result "0-1"]
[WhiteElo "1913"]
[BlackElo "2098"]
[PlyCount "58"]
[EventDate "2012.11.10"]
[EventType "team-tourn"]
[EventRounds "14"]
[EventCountry "ESP"]
[SourceTitle "EXT 2014"]
[Source "ChessBase"]
[SourceDate "2013.11.20"]
[SourceVersion "1"]
[SourceVersionDate "2013.11.20"]
[SourceQuality "1"]
[WhiteTeam "Hispafrica"]
[BlackTeam "Villa de Teror"]
[WhiteTeamCountry "ESP"]
[BlackTeamCountry "ESP"]

1. d4 d5 2. c4 c6 3. Nc3 e5 4. dxe5 d4 5. Ne4 Qa5+ 6. Nd2 Bb4 7. g3 Bg4 8. h3 Be6 9. Qc2 Nd7 10. Ngf3 Qc5 11. a3 Bxd2+ 12. Nxd2 Nxe5 13. b4 Qe7 14. Bg2 d3 15. Qc3 Bd7 16. 0-0 0-0-0 17. exd3 Ng6 18. Ne4 Nf6 19. Be3 b6 20. Nxf6 Qxf6 21. Bd4 Qf5 22. c5 Kb7 23. cxb6 axb6 24. b5 Rc8 25. Rab1 Ne7 26. Rfc1 Nd5 27. bxc6+ Bxc6 28. Qa5 Rc7 29. Bxd5 Qxd5 0-1

[Event "Las Palmas Insular-chT Pref"]
[Site "Las Palmas"]
[Date "2013.02.16"]
[Round "9.2"]
[White "Perez Rosales, Pedro"]
[Black "Gonzalez Perez, Lutgarda"]
[Result "1/2-1/2"]
[WhiteElo "2060"]
[BlackElo "2098"]
[PlyCount "23"]
[EventDate "2012.11.10"]
[EventType "team-tourn"]
[EventRounds "14"]
[EventCountry "ESP"]
[SourceTitle "EXT 2014"]
[Source "ChessBase"]
[SourceDate "2013.11.20"]
[SourceVersion "1"]
[SourceVersionDate "2013.11.20"]
[SourceQuality "1"]
[WhiteTeam "Grandama"]
[BlackTeam "Villa de Teror"]
[WhiteTeamCountry "ESP"]
[BlackTeamCountry "ESP"]

1. Nf3 d5 2. c4 c6 3. g3 Nf6 4. Bg2 g6 5. 0-0 Bg7 6. d4 0-0 7. Nc3 Nbd7 8. cxd5 cxd5 9. Qb3 e6 10. Bf4 a6 11. a4 b6 12. Rfd1 1/2-1/2

[Event "Las Palmas Insular-chT Pref"]
[Site "Las Palmas"]
[Date "2013.01.19"]
[Round "6.3"]
[White "Gonzalez Perez, Lutgarda"]
[Black "De la Hoz Sanchez, Ruben"]
[Result "1-0"]
[WhiteElo "2098"]
[BlackElo "1975"]
[PlyCount "81"]
[EventDate "2012.11.10"]
[EventType "team-tourn"]
[EventRounds "14"]
[EventCountry "ESP"]
[SourceTitle "EXT 2014"]
[Source "ChessBase"]
[SourceDate "2013.11.20"]
[SourceVersion "1"]
[SourceVersionDate "2013.11.20"]
[SourceQuality "1"]
[WhiteTeam "Villa de Teror"]
[BlackTeam "Canarias de Vecindario"]
[WhiteTeamCountry "ESP"]
[BlackTeamCountry "ESP"]

1. d4 Nf6 2. Nf3 e6 3. g3 b6 4. Bg2 Bb7 5. 0-0 Be7 6. c3 0-0 7. Qc2 d5 8. Nbd2 Nbd7 9. Rd1 c5 10. dxc5 bxc5 11. e4 Qc7 12. exd5 exd5 13. Nf1 Rfe8 14. Ne3 Rad8 15. Nf5 Bf8 16. Bg5 g6 17. Nh6+ Kg7 18. h3 Be7 19. Nh2 Nf8 20. Bxf6+ Bxf6 21. N6g4 Qb6 22. Nxf6 Qxf6 23. Ng4 Qe7 24. Qd2 h5 25. Re1 Qd6 26. Rxe8 Rxe8 27. Ne3 Qe6 28. Nxd5 Bxd5 29. Qxd5 Qxd5 30. Bxd5 Re2 31. Rb1 Nd7 32. Kf1 Rd2 33. Bf3 Ne5 34. Be2 Kf6 35. Ke1 Rd6 36. Rd1 Rc6 37. Kd2 Rd6+ 38. Kc2 Re6 39. Rd5 Nc6 40. Bb5 Ne7 41. Rxc5 1-0

[Event "Las Palmas Insular-chT Pref"]
[Site "Las Palmas"]
[Date "2012.02.25"]
[Round "10.3"]
[White "Vega Gutierrez, Belinda Vidina"]
[Black "Gonzalez Perez, Lutgarda"]
[Result "1-0"]
[WhiteElo "2202"]
[BlackElo "2099"]
[PlyCount "47"]
[EventDate "2011.11.12"]
[EventType "team-tourn"]
[EventRounds "14"]
[EventCountry "ESP"]
[SourceTitle "EXT 2013"]
[Source "ChessBase"]
[SourceDate "2012.11.22"]
[SourceVersion "1"]
[SourceVersionDate "2012.11.22"]
[SourceQuality "1"]
[WhiteTeam "Anand Iberia"]
[BlackTeam "Villa de Teror"]
[WhiteTeamCountry "ESP"]
[BlackTeamCountry "ESP"]

1. e4 c6 2. Nc3 d5 3. Qf3 d4 4. Bc4 e6 5. Nce2 c5 6. b4 Nc6 7. bxc5 Bxc5 8. Qg3 Qf6 9. Nf3 e5 10. 0-0 h6 11. Bb5 Bd6 12. Nexd4 exd4 13. e5 Bxe5 14. Nxe5 Nge7 15. Ba3 0-0 16. Nxc6 Nxc6 17. Bxf8 Kxf8 18. Qc7 Qe5 19. Qxe5 Nxe5 20. Rfe1 f6 21. f4 Nc6 22. Re4 Bf5 23. Bxc6 bxc6 24. Rxd4 1-0

[Event "Las Palmas Insular-chT Pref"]
[Site "Las Palmas"]
[Date "2012.01.21"]
[Round "6.2"]
[White "Gonzalez Perez, Lutgarda"]
[Black "Cerpa Deniz, Jose Manuel"]
[Result "1-0"]
[WhiteElo "2099"]
[BlackElo "2085"]
[PlyCount "114"]
[EventDate "2011.11.12"]
[EventType "team-tourn"]
[EventRounds "14"]
[EventCountry "ESP"]
[SourceTitle "EXT 2013"]
[Source "ChessBase"]
[SourceDate "2012.11.22"]
[SourceVersion "1"]
[SourceVersionDate "2012.11.22"]
[SourceQuality "1"]
[WhiteTeam "Villa de Teror"]
[BlackTeam "Piscolabis Oleaje San Andres"]
[WhiteTeamCountry "ESP"]
[BlackTeamCountry "ESP"]

1. d4 Nf6 2. Nf3 g6 3. g3 Bg7 4. Bg2 0-0 5. 0-0 d6 6. c3 c6 7. a4 Nbd7 8. Qc2 Qc7 9. Rd1 Re8 10. Nbd2 c5 11. e4 cxd4 12. Nxd4 a6 13. Nf1 Nc5 14. b4 Ne6 15. Ne2 a5 16. b5 Nc5 17. Ne3 Be6 18. Rb1 Ng4 19. Nxg4 Bxg4 20. f3 Be6 21. Be3 Rac8 22. Nd4 Bd7 23. Bf1 Ne6 24. Rbc1 Nxd4 25. Bxd4 Bxd4+ 26. Rxd4 Qc5 27. Kg2 Be6 28. Qb2 Qh5 29. Qf2 Rc5 30. Qe3 Rec8 31. Be2 Qh3+ 32. Kg1 Kg7 33. Bf1 Qh6 34. f4 Kg8 35. Qd2 Qg7 36. e5 dxe5 37. Rd8+ Rxd8 38. Qxd8+ Qf8 39. Qb6 Qc8 40. Rd1 Rd5 41. Rxd5 Bxd5 42. fxe5 Qe6 43. Qd4 Bb3 44. Bd3 Qd5 45. Qxd5 Bxd5 46. Bc2 b6 47. Kf2 f6 48. exf6 exf6 49. Ke3 Kf7 50. Kd4 Ke6 51. c4 Bf3 52. c5 bxc5+ 53. Kxc5 Kd7 54. b6 f5 55. Kb5 Be4 56. Bb3 Bd3+ 57. Kxa5 Kc6 1-0

[Event "Las Palmas Insular-chT Pref"]
[Site "Las Palmas"]
[Date "2011.12.17"]
[Round "4.3"]
[White "Also Alvarado, Luis"]
[Black "Gonzalez Perez, Lutgarda"]
[Result "1-0"]
[WhiteElo "2182"]
[BlackElo "2099"]
[PlyCount "61"]
[EventDate "2011.11.12"]
[EventType "team-tourn"]
[EventRounds "14"]
[EventCountry "ESP"]
[SourceTitle "EXT 2013"]
[Source "ChessBase"]
[SourceDate "2012.11.22"]
[SourceVersion "1"]
[SourceVersionDate "2012.11.22"]
[SourceQuality "1"]
[WhiteTeam "Real Club Victoria"]
[BlackTeam "Villa de Teror"]
[WhiteTeamCountry "ESP"]
[BlackTeamCountry "ESP"]

1. d4 d5 2. Nf3 Nf6 3. c4 c6 4. Nc3 g6 5. Bf4 Bg7 6. e3 0-0 7. h3 Qb6 8. Qc1 Bf5 9. Be2 Nbd7 10. 0-0 h6 11. c5 Qd8 12. b4 Ne4 13. a4 f6 14. Bh2 e5 15. Nh4 Nxc3 16. Qxc3 Qe8 17. Nxf5 gxf5 18. Bd3 f4 19. Bf5 fxe3 20. fxe3 Rd8 21. b5 Nb8 22. Rab1 Qe7 23. Rb3 Rfe8 24. Qb2 Nd7 25. bxc6 bxc6 26. Rb7 a5 27. Kh1 h5 28. Qf2 Rf8 29. Qh4 Qe8 30. Rf3 Kh8 31. Rg3 1-0

[Event "Las Palmas op 32nd"]
[Site "Las Palmas"]
[Date "2011.12.06"]
[Round "6"]
[White "Guerrero Ruiz, Jose Luis"]
[Black "Gonzalez Perez, Lutgarda"]
[Result "0-1"]
[WhiteElo "1739"]
[BlackElo "2099"]
[PlyCount "52"]
[EventDate "2011.12.02"]
[EventType "swiss"]
[EventRounds "9"]
[EventCountry "ESP"]
[SourceTitle "CBM 145 Extra"]
[Source "ChessBase"]
[SourceDate "2012.01.03"]
[SourceVersion "1"]
[SourceVersionDate "2012.01.03"]
[SourceQuality "1"]

1. e4 c6 2. d4 d5 3. e5 Bf5 4. Nc3 e6 5. h4 h5 6. Bd3 Bxd3 7. Qxd3 Nd7 8. Nf3 Ne7 9. Bf4 Nf5 10. Ng5 Be7 11. 0-0-0 Bxg5 12. hxg5 g6 13. g4 Ng7 14. Bd2 Qc7 15. Qf3 Rf8 16. Ne2 hxg4 17. Qxg4 0-0-0 18. Kb1 c5 19. dxc5 Nxe5 20. Qa4 Nc6 21. Rh7 Nh5 22. Bc3 e5 23. b4 a6 24. b5 axb5 25. Qxb5 Rd7 26. Be1 Re8 0-1

[Event "Las Palmas op 32nd"]
[Site "Las Palmas"]
[Date "2011.12.04"]
[Round "3"]
[White "Quintana Milan, Maria Victoria"]
[Black "Gonzalez Perez, Lutgarda"]
[Result "0-1"]
[WhiteElo "1729"]
[BlackElo "2099"]
[PlyCount "79"]
[EventDate "2011.12.02"]
[EventType "swiss"]
[EventRounds "9"]
[EventCountry "ESP"]
[SourceTitle "CBM 145 Extra"]
[Source "ChessBase"]
[SourceDate "2012.01.03"]
[SourceVersion "1"]
[SourceVersionDate "2012.01.03"]
[SourceQuality "1"]

1. e4 c6 2. Nf3 d5 3. Nc3 g6 4. g3 Bg7 5. exd5 cxd5 6. Bg2 d4 7. Ne4 f5 8. Nc5 e5 9. Qe2 Qe7 10. Qb5+ Nd7 11. Nxd7 Qxd7 12. Qxd7+ Bxd7 13. 0-0 0-0-0 14. Re1 Re8 15. d3 Bc6 16. Nd2 Bxg2 17. Kxg2 Nh6 18. f3 Nf7 19. a4 Kd7 20. Kf2 Nd6 21. b3 Re6 22. Ba3 Rhe8 23. Bxd6 Kxd6 24. Re2 Kd5 25. Rae1 Bf8 26. Nc4 Bb4 27. Rd1 g5 28. h3 h5 29. Rh1 Rf8 30. Kg2 h4 31. g4 fxg4 32. fxg4 e4 33. dxe4+ Rxe4 34. Rxe4 Kxe4 35. Nb2 b6 36. Nd3 Bd2 37. Ra1 Ke3 38. Kg1 Rf3 39. Kg2 Rg3+ 40. Kh2 0-1

[Event "Las Palmas Insular-chT Pref"]
[Site "Las Palmas"]
[Date "2011.11.19"]
[Round "2.3"]
[White "Cruz Pino, Adrian"]
[Black "Gonzalez Perez, Lutgarda"]
[Result "1/2-1/2"]
[WhiteElo "1960"]
[BlackElo "2099"]
[PlyCount "118"]
[EventDate "2011.11.12"]
[EventType "team-tourn"]
[EventRounds "14"]
[EventCountry "ESP"]
[SourceTitle "EXT 2013"]
[Source "ChessBase"]
[SourceDate "2012.11.22"]
[SourceVersion "1"]
[SourceVersionDate "2012.11.22"]
[SourceQuality "1"]
[WhiteTeam "Casa Museo El Patio"]
[BlackTeam "Villa de Teror"]
[WhiteTeamCountry "ESP"]
[BlackTeamCountry "ESP"]

1. e4 c6 2. d4 d5 3. Nd2 dxe4 4. Nxe4 Bf5 5. Ng3 Bg6 6. Nh3 h6 7. Be2 Nf6 8. c3 e6 9. Qb3 Qb6 10. Qxb6 axb6 11. Nf4 Bh7 12. Ngh5 Nbd7 13. 0-0 g5 14. Nxf6+ Nxf6 15. Nd3 Bd6 16. f4 g4 17. Ne5 h5 18. Nc4 Bc7 19. Ne3 0-0-0 20. f5 e5 21. dxe5 Bxe5 22. Nc4 Nd7 23. a4 Bc7 24. Bd3 Rhe8 25. Bc2 Re2 26. Bd3 Ree8 27. Bc2 f6 28. Bh6 Bg8 29. Nd2 Ne5 30. Ne4 Nd7 31. Rfe1 Bd5 32. Nd2 Be5 33. Rad1 h4 34. Be3 h3 35. g3 Bxg3 36. hxg3 h2+ 37. Kf2 Rxe3 38. Kxe3 Re8+ 39. Kf4 Rxe1 40. Rxe1 h1Q 41. Rxh1 Bxh1 42. Kxg4 Ne5+ 43. Kf4 Kd7 44. g4 Nf7 45. Be4 Bxe4 46. Nxe4 Ke7 47. b3 c5 48. g5 fxg5+ 49. Nxg5 Nd8 50. Ke5 Nc6+ 51. Kd5 Na5 52. b4 cxb4 53. cxb4 Nc6 54. b5 Nb4+ 55. Kd4 Kf6 56. Kc4 Nc2 57. Ne4+ Kxf5 58. Nd6+ Ke6 59. Nc8 Ne3+ 1/2-1/2

[Event "Arucas op 7th"]
[Site "Arucas"]
[Date "2011.06.20"]
[Round "5"]
[White "Cruz Pino, Adrian"]
[Black "Gonzalez Perez, Lutgarda"]
[Result "1/2-1/2"]
[WhiteElo "1911"]
[BlackElo "2125"]
[PlyCount "74"]
[EventDate "2011.06.13"]
[EventType "swiss"]
[EventRounds "6"]
[EventCountry "ESP"]
[SourceTitle "EXT 2012"]
[Source "ChessBase"]
[SourceDate "2011.11.24"]
[SourceVersion "1"]
[SourceVersionDate "2011.11.24"]
[SourceQuality "1"]

1. e4 d5 2. exd5 Qxd5 3. Nc3 Qa5 4. d4 Nf6 5. h3 c6 6. Nf3 Bf5 7. Bd2 Qc7 8. Nh4 Be6 9. Rb1 g6 10. Bd3 Bg7 11. a3 Nbd7 12. Nf3 Rd8 13. 0-0 Nb6 14. b3 0-0 15. Ne2 Bd5 16. Ng5 h6 17. Nf3 Bxf3 18. gxf3 Qd7 19. Kg2 Nh5 20. Qc1 Kh7 21. Rd1 Nd5 22. c4 Nc7 23. Be3 Ne6 24. Bc2 Qc7 25. d5 cxd5 26. cxd5 Rc8 27. Bd3 Nc5 28. Bc4 a6 29. a4 Nxa4 30. bxa4 Qxc4 31. Qxc4 Rxc4 32. Rxb7 Bf6 33. d6 exd6 34. Rxd6 Rxa4 35. Rbb6 Be5 36. Rxa6 Rxa6 37. Rxa6 Ng7 1/2-1/2

[Event "Las Palmas-chT"]
[Site "Las Palmas"]
[Date "2011.04.16"]
[Round "13.3"]
[White "Gonzalez Perez, Lutgarda"]
[Black "Viera Falcon, Cristo"]
[Result "1-0"]
[WhiteElo "2125"]
[BlackElo "1805"]
[PlyCount "65"]
[EventDate "2011.01.15"]
[EventType "team-swiss"]
[EventRounds "14"]
[EventCountry "ESP"]
[SourceTitle "EXT 2012"]
[Source "ChessBase"]
[SourceDate "2011.11.24"]
[SourceVersion "1"]
[SourceVersionDate "2011.11.24"]
[SourceQuality "1"]
[WhiteTeam "Villa de Teror"]
[BlackTeam "Telde Los Llanos"]
[WhiteTeamCountry "ESP"]
[BlackTeamCountry "ESP"]

1. d4 f5 2. d5 Nf6 3. Nf3 c6 4. c4 g6 5. Nc3 Bg7 6. g3 Qa5 7. Bd2 Qc5 8. Qb3 b5 9. cxb5 cxd5 10. Rc1 0-0 11. Na4 Qd6 12. Bf4 e5 13. Bxe5 Qe6 14. Bg2 Ne4 15. Bxg7 Kxg7 16. 0-0 a6 17. b6 Nc6 18. b7 Bxb7 19. Qxb7 Rfb8 20. Qc7 Ra7 21. Qf4 Rb4 22. Qe3 d4 23. Qa3 Qd6 24. Rfd1 a5 25. Nd2 Qe5 26. b3 Nxf2 27. Kxf2 Qe3+ 28. Kf1 Ne5 29. Bf3 d3 30. Qb2 Rab7 31. Nc5 R7b5 32. Nxd3 f4 33. Nc4 1-0

[Event "Las Palmas-chT"]
[Site "Las Palmas"]
[Date "2011.03.26"]
[Round "10.2"]
[White "Gonzalez Perez, Lutgarda"]
[Black "Rossello Padron, Carlos Eduardo"]
[Result "1/2-1/2"]
[WhiteElo "2125"]
[BlackElo "2085"]
[PlyCount "143"]
[EventDate "2011.01.15"]
[EventType "team-swiss"]
[EventRounds "14"]
[EventCountry "ESP"]
[SourceTitle "EXT 2012"]
[Source "ChessBase"]
[SourceDate "2011.11.24"]
[SourceVersion "1"]
[SourceVersionDate "2011.11.24"]
[SourceQuality "1"]
[WhiteTeam "Villa de Teror"]
[BlackTeam "Piscolabis Oleaje San Andres"]
[WhiteTeamCountry "ESP"]
[BlackTeamCountry "ESP"]

1. d4 Nf6 2. Nf3 d5 3. g3 e6 4. Bg2 c5 5. e3 Nc6 6. 0-0 Be7 7. b3 0-0 8. Bb2 b6 9. Ne5 Bb7 10. c4 Rc8 11. cxd5 Nxd5 12. dxc5 Nxe5 13. Bxe5 Bxc5 14. Qg4 Nf6 15. Bxf6 Qxf6 16. Nd2 Bxg2 17. Kxg2 Qe7 18. Rad1 f5 19. Qe2 Rfd8 20. Nf3 Qb7 21. Kg1 Be7 22. Rxd8+ Rxd8 23. Nd4 Qd5 24. Rc1 Bc5 25. Nb5 Rd7 26. Nc3 Qd2 27. Rc2 Qxe2 28. Rxe2 Kf7 29. Kg2 Kf6 30. Rc2 g5 31. Kf3 h5 32. Ke2 h4 33. gxh4 g4 34. Na4 Bb4 35. Kf1 Rh7 36. Nb2 Rxh4 37. Rc7 a5 38. Nc4 Rxh2 39. Nxb6 Rh1+ 40. Kg2 Ra1 41. Rc2 Rd1 42. Nc4 Rd5 43. Re2 Bc3 44. Rc2 Be5 45. Nxe5 Kxe5 46. Rc4 Rb5 47. f3 gxf3+ 48. Kxf3 Kd5 49. Ke2 e5 50. Kf3 Rb4 51. Rc8 Rh4 52. Kg3 Re4 53. Kf3 a4 54. bxa4 Rxa4 55. Rd8+ Ke6 56. Re8+ Kf6 57. Rf8+ Kg6 58. Rg8+ Kf7 59. Rg2 Ra3 60. Rb2 Ke6 61. Rb6+ Kd5 62. Rb5+ Kd6 63. Rb6+ Kc5 64. Rb2 Kc4 65. Ke2 Ra6 66. Kf3 Ra5 67. Ke2 Kc3 68. Rd2 Kb4 69. Kf3 Rc5 70. Rh2 Rc6 71. Rh5 Rf6 72. e4 1/2-1/2